Statistics for Pokémon GO: Highest CP Steel-type Pokémon

Click here to take the quiz!

General Stats

  • This quiz has been taken 22 times
  • The average score is 14 of 20

Answer Stats

Max CPAnswer% Correct
3623Magnezone
100%
4565Dialga
92%
4621Mega Scizor
92%
3393Scizor
92%
3391Aggron
83%
4705Mega Aggron
83%
4133Mega Steelix
83%
3507Celesteela
75%
3279Empoleon
75%
3667Excadrill
75%
4244Heatran
75%
4156Kartana
75%
4286Metagross
75%
3417Cobalion
67%
3791Genesect
67%
4570Solgaleo
67%
3691Jirachi
58%
3266Escavalier
42%
4069Melmetal
42%
3976Gholdengo
25%

Score Distribution

Percentile by Number Answered

Percent of People with Each Score

Your Score History

You have not taken this quiz